Using intonation

Guardat en:
Dades bibliogràfiques
Autor principal: Cook, V. J (Autor)
Format: Llibre
Idioma:anglès
Publicat: Londres Longman 1979
Matèries:
Etiquetes: Afegir etiqueta
Sense etiquetes, Sigues el primer a etiquetar aquest registre!

MARC

LEADER 00000nam a2200000 a 4500
001 UCQ2816
003 CL-VaPUC
008 980731e19790000UK |||||||||||||||||eng|d
082 0 4 |a 421.52  |b COO  |2 21 
100 0 |a Cook, V. J  |e author  |9 416892 
245 1 0 |a Using intonation 
300 |a 60 p 
942 |c BK 
945 |d 19980731 00:00:00  |a crobeson 
260 |a Londres  |b Longman  |c 1979 
650 0 |a Inglés  |9 260023 
650 7 |a PRONUNCIACION  |2 CL-VaPUC  |9 371723 
650 7 |a ENTONACION  |2 CL-VaPUC  |9 416893 
650 0 |a Enseñanza de idiomas  |9 339820 
650 0 |a Educación lingüística  |9 306506 
583 |a last modification  |c 19980731 00:00:00  |k Rodrigo Vera 
999 |c 273581  |d 273579 
952 |0 0  |1 0  |4 0  |6 421_520000000000000_COO_1979  |7 0  |8 A  |9 309314  |a BIBEDU  |b BIBEDU  |d 2019-11-20  |i 1451448  |o 421.52 COO 1979  |p 1451448  |r 2019-11-20  |w 2019-11-20  |y BK  |k LIT 
952 |0 0  |1 0  |4 0  |6 421_520000000000000_COO_1979  |7 0  |8 A  |9 309315  |a BIBEDU  |b BIBEDU  |d 2019-11-20  |i 1451456  |o 421.52 COO 1979  |p 1451456  |r 2019-11-20  |w 2019-11-20  |y BK  |k LIT 
952 |0 0  |1 0  |4 0  |6 421_520000000000000_COO_1979  |7 0  |8 A  |9 309316  |a BIBEDU  |b BIBEDU  |d 2019-11-20  |i 1451464  |o 421.52 COO 1979  |p 1451464  |r 2019-11-20  |w 2019-11-20  |y BK  |k LIT